| 000 | 01010nam a2200253 4500 | ||
|---|---|---|---|
| 001 | 132016 | ||
| 003 | ES-MaACL | ||
| 005 | 20250808011003.0 | ||
| 007 | t| | ||
| 008 | 070214q1946 sp r ||||1| spa d | ||
| 100 | 1 |
_aRoig Gironella, Juan. _999014 |
|
| 245 | 1 | 0 |
_aFilosofía y vida _b: cuatro ensayos sobre actitudes : Nietzsche, Ortega y Gasset, Croce, Unamuno / _cJuan Roig Gironella. |
| 260 |
_aBarcelona : _bMariano Galve, _c[1946?] |
||
| 300 |
_a205 p. ; _c19 cm. |
||
| 490 | 1 |
_aColección filosófico-teológica ; _v3 |
|
| 600 | 1 | 4 |
_aNietzsche, Friedrich, _d1844-1900- _xCrítica e interpretación _985721 |
| 600 | 1 | 4 |
_aOrtega y Gasset, José, _d1883-1955- _xCrítica e interpretación _987505 |
| 600 | 1 | 4 |
_aCroce, Benedetto, _d1866-1952 _9241508 |
| 600 | 1 | 4 |
_aUnamuno, Miguel de, _d1864-1936- _xCrítica e interpretación _9111984 |
| 650 | 7 |
_aVida _2embne _917793 |
|
| 830 | 1 |
_aColección filosófico-teológica ; _v3 _9176623 |
|
| 852 |
_aES-MaACL _jB-10646 |
||
| 999 |
_c132016 _d132016 |
||